000 00772nam a2200205 a 4500
003 0
005 20250225144541.0
008 100827s19uu xx 00 eng d
050 _aPGS QR 82.S7
_b.Ar675 2010
100 _aArcos, Rianna Janine Alesna.
245 _aEffect of different concentrations of alcohol on the growth of Streptococcus pyogenes /
_c Rianna Janine Alesna Arcos.
260 _aLas PiƱas City, Philippines :
_bSouthville International School and Colleges,
_c2010.
300 _a24 pages :
_bcolored illustrations ; `
_c28 cm.
504 _aIncludes bibliographical references.
650 _aStreptococcus pyogenes.
650 _a Alcohol
_vPhysiological effect.
650 _aMicrobial growth.
650 _aBacteriology.
942 _2lcc
_cPASS
999 _c98341
_d98341